000 00861nam a22002777i 4500
003 DO-SdBNP
005 20250416115816.0
007 ta
008 250416b2023 |||||||| |||| 00| 0 eng d
020 _a9788419973160
040 _aDO-SdBNP
_bspa
_cBNPHU
_erda
041 _hspa
082 _axxx
_bV719m
_222
100 1 _aVillar, Eddú F., Del
_eautor
_987476
245 1 0 _aLos Mundos de Ana niña /
_cEddú E. Del Villar ; ilustración de Melisa Maceiras Soares
250 _aPrimera edición
264 _aEspaña :
_bEditorial Babidi-bú,
_c2024.
300 _a122 páginas :
_bilustraciones ;
_c21 cm
336 _ardacontent
_btexto
_2txt
337 _ardamedia
_bsin mediación
_2n
338 _ardacarrier
_bvolumen
_2nc
590 _aInventariado, 2025/DG
700 1 _aSoares, Melisa Maceiras
_eilustrador
_987477
910 _aDG
942 _2ddc
_cLBS1
999 _c58484
_d58484